000 00368nam a22001457a 4500
003 OSt
005 20160727222419.0
008 160627b xxu||||| |||| 00| 0 eng d
040 _cTEST
100 _91228
_aWilliams, B
245 _aThomas Alva Edison
260 _aUNITED KIGDOM
_bREAD EDU. & PROFESSIONAL PUB.
_c2001
300 _aThomas Alva Edison
942 _2ddc
_cBK
999 _c1002
_d1002